000 01119nam a22003977a 4500
001 BR7807716
003 BR-BrBNA
005 20230928085827.0
007 ta
008 230509b bl.||||| |||| 00| 0 por d
040 _aBR-BrBNA
_bpor
_cBiblioteca Nacional de Agricultura
041 _a(Por)
072 _aF00; E10; E70
_b0150
_b/G514
090 _ 0150 BR7807716
100 1 _aFett, L.P.
100 1 _aNovais, D.F. de
100 1 _aAmaral, A.L. do
110 1 _aComissao Estadual de Planejamento Agricola, Cuiaba, MT (Brasil)
_92045
245 1 _aSubsidios para definicao de uma politica - A cultura do Arroz em Mato Grosso [Brasil]
260 3 _aCuiaba, MT (Brasil):
_c1978.
300 _a68 p.
500 _aNumerical data
650 _aARROZ
650 _aSEMENTE
650 _aFERTILIZANTE
650 _aDEFENSIVO
650 _aCREDITO RURAL
650 _aASSISTENCIA TECNICA
650 _aTRANSPORTE
650 _aPOLITICA DE PRECO
650 _aESTOQUE REGULADOR
650 _aCUSTO DE PRODUCAO
650 _aMATO GROSSO
909 _a202309
_bLucia
_c55
_dLucia Elande
942 _cBK
999 _c26551
_d26551